000 00500nam a2200181Ia 4500
005 20250508163322.0
008 008 250505s9999 xx 000 0 eng d
037 _aTextual
040 _aFEDL
_beng
_cFEDL
041 _aeng
_2eng
084 _a183, SHA
_qFEDL
100 _aSharma Ram Chander
_9563199
245 0 _aGreek political thought
260 _aAllahabad, India
_bBookadd Private Limited
_c1962
300 _a455p.
942 _cTEXL
_h183, SHA
999 _c1382292
_d1382292